[Event "Florianopolis op 6th"]
[Site "Florianopolis"]
[Date "2020.01.25"]
[Round "8"]
[White "Morato, Saulo Duenas"]
[Black "Bidigaray, Marcio"]
[Result "0-1"]
[WhiteElo "1353"]
[BlackElo "1602"]
[PlyCount "108"]
[EventDate "2020.01.20"]
[EventType "swiss"]
[EventRounds "10"]
[EventCountry "BRA"]
[SourceTitle "CBM 194 Extra"]
[Source "ChessBase"]
[SourceDate "2020.03.31"]
[SourceVersion "1"]
[SourceVersionDate "2020.03.31"]
[SourceQuality "1"]

1. d4 c5 2. e3 g6 3. c4 Nf6 4. Nc3 Bg7 5. Nf3 cxd4 6. exd4 0-0 7. Bd3 d6 8. h3 Nc6 9. 0-0 Nb4 10. Re1 Nxd3 11. Qxd3 Bf5 12. Qd1 Re8 13. Bf4 Qb6 14. Qb3 Qxb3 15. axb3 a6 16. b4 Bd3 17. c5 dxc5 18. bxc5 Nh5 19. Bh2 Nf6 20. b4 e6 21. Ra3 Bc4 22. Rea1 Nd5 23. Nxd5 exd5 24. Be5 Bb5 25. Bxg7 Kxg7 26. Ne5 f6 27. Ng4 Re4 28. Rd1 Be2 29. Re1 Bxg4 30. Rxe4 dxe4 31. hxg4 Rd8 32. c6 Rxd4 33. cxb7 Rxb4 34. Rxa6 Rxb7 35. Re6 f5 36. gxf5 gxf5 37. f3 exf3 38. gxf3 Kf7 39. Re5 Kf6 40. Re8 Kg5 41. Re3 Kf4 42. Kf2 Rb2+ 43. Re2 Rxe2+ 44. Kxe2 Kg3 45. Kf1 Kxf3 46. Kg1 f4 47. Kf1 h5 48. Kg1 h4 49. Kh2 Ke2 50. Kg2 f3+ 51. Kh1 f2 52. Kh2 Kf3 53. Kh1 f1Q+ 54. Kh2 Qg2# 0-1

[Event "Florianopolis op 6th"]
[Site "Florianopolis"]
[Date "2020.01.24"]
[Round "7"]
[White "Bidigaray, Marcio"]
[Black "De Carvalho, Vitor Augusto Ponci"]
[Result "1/2-1/2"]
[WhiteElo "1602"]
[BlackElo "1272"]
[PlyCount "71"]
[EventDate "2020.01.20"]
[EventType "swiss"]
[EventRounds "10"]
[EventCountry "BRA"]
[SourceTitle "CBM 194 Extra"]
[Source "ChessBase"]
[SourceDate "2020.03.31"]
[SourceVersion "1"]
[SourceVersionDate "2020.03.31"]
[SourceQuality "1"]

1. e4 c5 2. Nf3 d6 3. d4 cxd4 4. Nxd4 Nc6 5. Bc4 g6 6. Nxc6 bxc6 7. Qd4 Nf6 8. e5 Qa5+ 9. Qc3 Qxe5+ 10. Be3 Qxc3+ 11. Nxc3 Bg7 12. 0-0 0-0 13. f3 Bd7 14. Rfe1 e5 15. Bb3 Rfd8 16. Rad1 d5 17. Bc5 Re8 18. Bd6 Nh5 19. g3 Re6 20. Bc5 Bf8 21. Bf2 Kh8 22. a3 f5 23. Nxd5 Rd6 24. Nc3 Rxd1 25. Rxd1 Nf6 26. Na4 Be8 27. Nc5 a6 28. Ne6 Be7 29. Nc7 Rc8 30. Nxe8 Rxe8 31. f4 e4 32. Bd4 Rd8 33. Bxf6+ Bxf6 34. Rxd8+ Bxd8 35. Kf1 Bf6 36. c3 1/2-1/2

[Event "Porto Alegre Regional Sul"]
[Site "Porto Alegre"]
[Date "2019.12.14"]
[Round "2"]
[White "Calsing, Ado"]
[Black "Bidigaray, Marcio"]
[Result "1-0"]
[WhiteElo "1779"]
[BlackElo "1603"]
[PlyCount "53"]
[EventDate "2019.12.13"]
[EventType "swiss"]
[EventRounds "5"]
[EventCountry "BRA"]
[SourceTitle "EXT 2021"]
[Source "ChessBase"]
[SourceDate "2020.10.23"]
[SourceVersion "1"]
[SourceVersionDate "2020.10.23"]
[SourceQuality "1"]

1. d4 c5 2. Nf3 Nf6 3. c4 b5 4. cxb5 Qa5+ 5. Nc3 e6 6. Bd2 c4 7. e3 d5 8. Nxd5 Qd8 9. Nxf6+ Qxf6 10. Bxc4 Nd7 11. Qe2 Nb6 12. Bd3 Bb7 13. e4 h6 14. 0-0 g6 15. Rac1 Qd8 16. Qe3 Bg7 17. Bb4 Bf8 18. Bxf8 Kxf8 19. b3 Kg7 20. Rc3 Re8 21. Rfc1 Rc8 22. Rxc8 Bxc8 23. a4 Bb7 24. Ne5 Nd5 25. exd5 Qxd5 26. Qf3 Qxd4 27. Qxf7+ 1-0

[Event "Ivoti Gaucho U20 and Amateur U1800 op"]
[Site "Ivoti"]
[Date "2016.12.04"]
[Round "5.4"]
[White "Mentges, Antonio Esidio"]
[Black "Bidigaray, Marcio"]
[Result "1-0"]
[WhiteElo "1710"]
[BlackElo "1619"]
[PlyCount "105"]
[EventDate "2016.12.03"]
[EventType "swiss"]
[EventRounds "5"]
[EventCountry "BRA"]
[SourceTitle "EXT 2022"]
[Source "ChessBase"]
[SourceDate "2021.10.06"]
[SourceVersion "1"]
[SourceVersionDate "2021.10.06"]
[SourceQuality "1"]

1. e4 e5 2. Nf3 d5 3. exd5 Qxd5 4. Nc3 Qd8 5. Qe2 f6 6. d4 Bg4 7. dxe5 fxe5 8. Qxe5+ Qe7 9. Qxe7+ Bxe7 10. Ne5 Bf5 11. Bc4 Nf6 12. Bf7+ Kf8 13. Bb3 Nbd7 14. Nxd7+ Bxd7 15. Bf4 Re8 16. 0-0-0 c6 17. Rhe1 h6 18. h3 Bf5 19. g4 Bg6 20. Be5 Bf7 21. Bxf6 Bxf6 22. Ne4 Bxb3 23. axb3 Bg5+ 24. Kb1 b6 25. Rd7 a6 26. f3 Rd8 27. Rb7 b5 28. Nc5 Kg8 29. Ne6 Bf6 30. Nxd8 Bxd8 31. Re8+ Kh7 32. Rxh8+ Kxh8 33. Rb8 c5 34. Rxd8+ Kh7 35. Ra8 c4 36. b4 c3 37. bxc3 Kg6 38. h4 h5 39. Rxa6+ Kh7 40. g5 g6 41. Ra7+ Kg8 42. Kb2 Kf8 43. Kb3 Ke8 44. c4 bxc4+ 45. Kxc4 Kd8 46. b5 Kc8 47. Kc5 Kb8 48. b6 Kc8 49. Kd6 Kb8 50. c4 Kc8 51. c5 Kb8 52. c6 Kc8 53. Ra8# 1-0

[Event "Porto Alegre Gaucho op"]
[Site "Porto Alegre"]
[Date "2015.10.31"]
[Round "2"]
[White "Munari, Carlos Jose"]
[Black "Bidigaray, Marcio"]
[Result "1/2-1/2"]
[WhiteElo "1800"]
[BlackElo "1652"]
[PlyCount "103"]
[EventDate "2015.10.31"]
[EventType "swiss"]
[EventRounds "6"]
[EventCountry "BRA"]
[SourceTitle "CBM 169 Extra"]
[Source "ChessBase"]
[SourceDate "2015.12.18"]
[SourceVersion "1"]
[SourceVersionDate "2015.12.18"]
[SourceQuality "1"]

1. d4 c5 2. e3 Nf6 3. c3 Qc7 4. Nf3 d5 5. Nbd2 Bg4 6. Be2 Nc6 7. 0-0 g6 8. h3 h5 9. Qc2 Bf5 10. Bd3 Bxd3 11. Qxd3 c4 12. Qe2 Bh6 13. e4 Bxd2 14. Nxd2 0-0-0 15. e5 Nd7 16. b4 f6 17. e6 Nf8 18. b5 Nb8 19. Ba3 Rh7 20. Bb4 Qb6 21. a4 Qxe6 22. Qd1 Qd7 23. Qc2 g5 24. Rfe1 Re8 25. Nf1 g4 26. h4 Rh6 27. a5 Ne6 28. Qf5 Ng7 29. Qf4 Rhh8 30. Ng3 Ne6 31. Qd2 Nf8 32. Bc5 e5 33. Bxa7 Ng6 34. a6 Nxh4 35. axb7+ Kxb7 36. Qa2 Re6 37. Bxb8 Rxb8 38. Qa7+ Kc8 39. Qc5+ Kd8 40. Ra7 Qd6 41. Qxd6+ Rxd6 42. dxe5 Re6 43. Rh7 fxe5 44. Ra1 Re7 45. Rxh5 Ng6 46. Nf5 Rd7 47. Rg5 Ne7 48. Nxe7 Rxe7 49. Rg8+ Re8 50. Rg7 Re7 51. Rg8+ Re8 52. Rg7 1/2-1/2

[Event "Nova Petropolis Gaucho op"]
[Site "Nova Petropolis"]
[Date "2015.03.14"]
[Round "3"]
[White "Martins, Anderson Donay"]
[Black "Bidigaray, Marcio"]
[Result "1-0"]
[WhiteElo "2013"]
[BlackElo "1652"]
[PlyCount "105"]
[EventDate "2015.03.13"]
[EventType "swiss"]
[EventRounds "7"]
[EventCountry "BRA"]
[SourceTitle "CBM 165 Extra"]
[Source "ChessBase"]
[SourceDate "2015.04.21"]
[SourceVersion "1"]
[SourceVersionDate "2015.04.21"]
[SourceQuality "1"]

1. e4 e5 2. Nf3 Nf6 3. Nxe5 d6 4. Nf3 Nxe4 5. Nc3 Nf6 6. d4 d5 7. Bg5 c6 8. Bd3 Bg4 9. 0-0 Be7 10. Re1 0-0 11. h3 Bh5 12. g4 Bg6 13. Ne5 Nbd7 14. Nxd7 Qxd7 15. Ne2 h6 16. Bxf6 Bxf6 17. Bxg6 fxg6 18. Qd3 Bh4 19. Ng3 Qf7 20. Re2 Rae8 21. Rae1 Rxe2 22. Rxe2 Qf4 23. c3 Qf6 24. Kg2 Qf4 25. Qe3 g5 26. Nf5 Rxf5 27. gxf5 Qxf5 28. Qe6+ Qxe6 29. Rxe6 Kf7 30. Re2 h5 31. f3 g4 32. hxg4 hxg4 33. fxg4 Bg5 34. Kf3 b6 35. b3 a6 36. c4 Bf6 37. cxd5 cxd5 38. Ke3 Ke6 39. Kd3+ Kd6 40. Kc2 Kd7 41. b4 b5 42. a3 Be7 43. Rh2 Kc6 44. Rh8 Kb7 45. Rg8 Kb6 46. Rxg7 Bh4 47. g5 a5 48. g6 axb4 49. axb4 Be1 50. Rf7 Bxb4 51. g7 Bd6 52. g8Q Ka5 53. Kc3 1-0

[Event "BRA-ch Amateur"]
[Site "Sao Paulo"]
[Date "2014.03.03"]
[Round "5"]
[White "Bidigaray, Marcio"]
[Black "Barbosa, Rayssa A Ichimura G"]
[Result "1-0"]
[WhiteElo "1672"]
[BlackElo "1368"]
[PlyCount "109"]
[EventDate "2014.03.01"]
[EventType "swiss"]
[EventRounds "7"]
[EventCountry "BRA"]
[SourceTitle "EXT 2016"]
[Source "ChessBase"]
[SourceDate "2015.10.08"]
[SourceVersion "1"]
[SourceVersionDate "2015.10.08"]
[SourceQuality "1"]

1. e4 d6 2. d4 Nf6 3. Nc3 e5 4. dxe5 dxe5 5. Qxd8+ Kxd8 6. Bc4 Ke8 7. Nge2 Nc6 8. 0-0 Bc5 9. Kh1 Bg4 10. f3 Bh5 11. Na4 Bd6 12. Be3 a6 13. Nac3 Nb4 14. Rac1 Rd8 15. a3 Nc6 16. Rfd1 Ne7 17. Ng3 Bg6 18. Rd2 Rf8 19. Rcd1 h5 20. Bc5 Nc8 21. Nf5 Bxf5 22. exf5 Ke7 23. Be3 c6 24. Re2 Rfe8 25. Bg5 Kf8 26. Ne4 Be7 27. Red2 Rxd2 28. Rxd2 Nxe4 29. Bxe7+ Nxe7 30. fxe4 f6 31. Rd7 Rb8 32. Kg1 Ke8 33. Be6 Kf8 34. Kf2 g5 35. fxg6 Nxg6 36. Rf7+ Ke8 37. Rxf6 Nf8 38. Bc4 Rd8 39. Bd3 Ke7 40. Rh6 Ne6 41. g3 Rf8+ 42. Ke3 Ng5 43. Be2 Ne6 44. Rxh5 Kd6 45. Rh6 Ke7 46. Bc4 Rf6 47. Rxf6 Kxf6 48. Bxe6 Kxe6 49. h4 Kf6 50. g4 Kg6 51. a4 b6 52. Kd3 b5 53. Kc3 a5 54. b3 Kh6 55. b4 1-0

[Event "Manaus zt 2.4"]
[Site "Manaus"]
[Date "2013.05.02"]
[Round "8"]
[White "Bidigaray, Marcio"]
[Black "Dos Santos, Wesley Cesar Reis"]
[Result "1/2-1/2"]
[WhiteElo "1692"]
[BlackElo "1795"]
[PlyCount "74"]
[EventDate "2013.04.27"]
[EventType "swiss"]
[EventRounds "9"]
[EventCountry "BRA"]
[SourceTitle "CBM 154 Extra"]
[Source "ChessBase"]
[SourceDate "2013.06.25"]
[SourceVersion "2"]
[SourceVersionDate "2013.06.25"]
[SourceQuality "1"]

1. e4 c5 2. Nf3 d6 3. d4 cxd4 4. Nxd4 Nf6 5. Nc3 a6 6. Be2 e6 7. Bg5 Be7 8. f3 0-0 9. 0-0 Qb6 10. Na4 Qa7 11. Kh1 Bd7 12. Nc3 b5 13. a3 Nc6 14. Nxc6 Bxc6 15. Qe1 h6 16. Bh4 Rac8 17. Rd1 Rfd8 18. Bf2 Qb7 19. Be3 a5 20. Qg3 Kh7 21. Bd3 Kh8 22. Qh3 b4 23. Ne2 Bb5 24. Ng3 Bxd3 25. cxd3 Rc2 26. Bc1 Rdc8 27. Nh5 Nxh5 28. Qxh5 Kg8 29. Qxa5 Qc6 30. Be3 bxa3 31. bxa3 d5 32. Rf2 Rxf2 33. Bxf2 Qc2 34. Qe1 Bxa3 35. Be3 Rb8 36. h3 Rb2 37. Qf1 Qa4 1/2-1/2

[Event "Manaus zt 2.4"]
[Site "Manaus"]
[Date "2013.04.29"]
[Round "4"]
[White "Bidigaray, Marcio"]
[Black "Da Silva, Mikhail Zoltan Iwan"]
[Result "0-1"]
[WhiteElo "1692"]
[BlackElo "1998"]
[PlyCount "94"]
[EventDate "2013.04.27"]
[EventType "swiss"]
[EventRounds "9"]
[EventCountry "BRA"]
[SourceTitle "CBM 154 Extra"]
[Source "ChessBase"]
[SourceDate "2013.06.25"]
[SourceVersion "2"]
[SourceVersionDate "2013.06.25"]
[SourceQuality "1"]

1. e4 c5 2. Nf3 d6 3. d4 cxd4 4. Nxd4 Nf6 5. Nc3 a6 6. Be2 e6 7. Bg5 Be7 8. 0-0 Nxe4 9. Bxe7 Nxc3 10. Bxd8 Nxd1 11. Raxd1 Kxd8 12. Nf3 Ke7 13. Rfe1 Nc6 14. Bc4 b5 15. Bb3 Na5 16. Bd5 Bb7 17. Bxb7 Nxb7 18. Nd4 Kd7 19. Nf3 Rac8 20. Rd2 Rc5 21. Ne5+ Ke7 22. Nd3 Rd5 23. Ree2 a5 24. g3 Rc8 25. Nf4 Rxd2 26. Rxd2 a4 27. Re2 Kd7 28. Nh5 Rc5 29. Nf4 Na5 30. b4 axb3 31. cxb3 Nc6 32. Nd3 Rc3 33. Rd2 Kc7 34. Kf1 Nd4 35. Nb4 Nf3 36. Re2 Nxh2+ 37. Kg2 Ng4 38. Nc2 Kb6 39. Rd2 d5 40. Na3 Nf6 41. Nb1 Ne4 42. Rb2 Rc1 43. Na3 Rd1 44. Nb1 b4 45. f3 Nc3 46. Nxc3 bxc3 47. Rc2 Rd2+ 0-1

[Event "Petropolis op 3rd"]
[Site "Petropolis"]
[Date "2013.02.24"]
[Round "5"]
[White "Hille, Waltercler"]
[Black "Bidigaray, Marcio"]
[Result "1/2-1/2"]
[WhiteElo "1923"]
[BlackElo "1679"]
[PlyCount "76"]
[EventDate "2013.02.22"]
[EventType "swiss"]
[EventRounds "6"]
[EventCountry "BRA"]
[SourceTitle "CBM 153 Extra"]
[Source "ChessBase"]
[SourceDate "2013.04.22"]
[SourceVersion "1"]
[SourceVersionDate "2013.04.22"]
[SourceQuality "1"]

1. d4 Nf6 2. g3 g6 3. Bg2 Bg7 4. Nf3 e6 5. h3 d5 6. Bg5 c5 7. c3 Qb6 8. b3 Nc6 9. 0-0 cxd4 10. cxd4 Ne4 11. Be3 0-0 12. Ne5 Qc7 13. Nxc6 Qxc6 14. Nd2 Nc3 15. Qe1 Qa6 16. Nc4 Ne4 17. Ne5 f6 18. Nd3 Bd7 19. Bxe4 dxe4 20. Nc5 Qc6 21. Qb4 a5 22. Qxb7 Qxb7 23. Nxb7 Bb5 24. Rfe1 f5 25. Rac1 Ra6 26. Rc5 Rb6 27. Nxa5 Ra8 28. Nc4 Bxc4 29. Rxc4 h6 30. d5 exd5 31. Bxb6 dxc4 32. bxc4 Rxa2 33. e3 Ra1 34. Kf1 Rxe1+ 35. Kxe1 Be5 36. Kd2 Kf7 37. Ke2 Ke6 38. Kd1 Kd7 1/2-1/2

[Event "American Continental 08th"]
[Site "Mar del Plata"]
[Date "2012.10.14"]
[Round "4"]
[White "De Freitas, Julio Eimard"]
[Black "Bidigaray, Marcio"]
[Result "1-0"]
[WhiteElo "1882"]
[BlackElo "1715"]
[PlyCount "79"]
[EventDate "2012.10.12"]
[EventType "swiss"]
[EventRounds "11"]
[EventCountry "ARG"]
[SourceTitle "EXT 2013"]
[Source "ChessBase"]
[SourceDate "2012.11.22"]
[SourceVersion "1"]
[SourceVersionDate "2012.11.22"]
[SourceQuality "1"]

1. d4 c5 2. d5 b5 3. e4 Ba6 4. Be2 d6 5. c3 Nf6 6. Qc2 g6 7. Bg5 Bg7 8. Nf3 0-0 9. 0-0 Qc8 10. Nbd2 Nbd7 11. Rfc1 h6 12. Bh4 Nh5 13. Bxe7 Nf4 14. Re1 Be5 15. Bxf8 Nxf8 16. Nxe5 dxe5 17. c4 b4 18. Bf1 Qd8 19. Nf3 Bc8 20. Nxe5 Qf6 21. Nf3 Bg4 22. e5 Qe7 23. Qe4 g5 24. h3 Bh5 25. g3 Bxf3 26. Qxf3 N4g6 27. Bg2 Nd7 28. d6 Qe6 29. Qxa8+ Kg7 30. Qd5 Ndxe5 31. f4 Qxd5 32. cxd5 Nd3 33. d7 Nxe1 34. Rxe1 gxf4 35. d8Q fxg3 36. Re8 h5 37. Rg8+ Kh6 38. Be4 b3 39. Qf6 bxa2 40. Rh8# 1-0